| 000 | 00543nam a22002057a 4500 | ||
|---|---|---|---|
| 003 | OSt | ||
| 005 | 20240917123725.0 | ||
| 008 | 240917b |||||||| |||| 00| 0 eng d | ||
| 020 | _a0412642808 | ||
| 040 | _cMUST | ||
| 100 |
_aKeene Jan _99688 |
||
| 245 |
_aDrug Misuse _bPrevention Harm Minimisation and Treatment |
||
| 250 | _a1st | ||
| 260 |
_aLondon _bChapman and Hall _cc1997 |
||
| 300 |
_axv,356p. ; _bill. _c24cm |
||
| 500 | _aIndex, Appedix | ||
| 600 | _2Drug misuse and treatment | ||
| 700 |
_aJan Keene _919143 |
||
| 942 |
_2ddc _cBOOK |
||
| 999 |
_c9379 _d9379 |
||